| Tag |
First Indicator |
Second Indicator |
Subfields |
| LEADER |
00000cam a2200000 a 4500 |
| 001 |
in00000085634 |
| 005 |
20151008053234.0 |
| 008 |
810624s1894 nyu b 00010 engm |
| 010 |
|
|
|a 07029242
|
| 035 |
|
|
|a (OCoLC)07527334
|
| 035 |
|
|
|9 AAH6777AM
|
| 040 |
|
|
|a DLC
|c ORC
|d TXA
|d UtOrBLW
|
| 043 |
|
|
|a e-fr---
|
| 049 |
|
|
|a TXAM
|c [1196942]
|
| 050 |
|
0 |
|a D16.8
|b .F4
|
| 100 |
1 |
|
|a Flint, Robert,
|d 1838-1910.
|
| 245 |
1 |
0 |
|a Historical philosophy in France and French Belgium and Switzerland /
|c by Robert Flint.
|
| 264 |
|
1 |
|a New York :
|b C. Scribner's sons,
|c 1894.
|
| 300 |
|
|
|a xxvii, 706 pages ;
|c 23 cm.
|
| 336 |
|
|
|a text
|b txt
|2 rdacontent
|
| 337 |
|
|
|a unmediated
|b n
|2 rdamedia
|
| 338 |
|
|
|a volume
|b nc
|2 rdacarrier
|
| 490 |
1 |
|
|a History of the philosophy of history
|
| 504 |
|
|
|a Includes bibliographical references.
|
| 650 |
|
0 |
|a History
|x Philosophy.
|
| 651 |
|
0 |
|a France
|x History
|x Philosophy.
|
| 800 |
1 |
|
|a Flint, Robert,
|d 1838-1910.
|t History of the philosophy of history.
|
| 999 |
|
|
|a MARS
|
| 999 |
f |
f |
|s 03eab69c-4f2c-3881-a3e9-89861eed0a1c
|i 7aa18906-b5bd-3fd5-94a1-5eb9b42cf136
|t 0
|
| 952 |
f |
f |
|p normal
|a Texas A&M University
|b College Station
|c Sterling C. Evans Library
|d Evans: Library Stacks
|t 0
|e D16.8 .F4
|h Library of Congress classification
|i unmediated -- volume
|m A14805956473
|
| 998 |
f |
f |
|a D16.8 .F4
|t 0
|l Evans: Library Stacks
|